[Event "Morava-ch U16"]
[Site "Bystrice nad Pernstejnem"]
[Date "2024.10.30"]
[Round "6"]
[White "Kubatova, Beta"]
[Black "Jansky, Adam"]
[Result "1/2-1/2"]
[WhiteElo "1809"]
[BlackElo "1576"]
[PlyCount "158"]
[EventDate "2024.10.26"]
[EventType "swiss"]
[EventRounds "9"]
[EventCountry "CZE"]
[SourceTitle "CB45_2024"]
[Source "ChessBase"]
[SourceDate "2024.11.06"]
[SourceVersion "1"]
[SourceVersionDate "2024.11.06"]
[SourceQuality "1"]

1. d4 Nf6 2. Nf3 c5 3. Bg5 cxd4 4. Bxf6 gxf6 5. Nxd4 e5 6. Nb3 d5 7. e3 Nc6 8. c3 Be6 9. N1d2 Qb6 10. Be2 Bd6 11. Qc2 0-0-0 12. 0-0-0 Kb8 13. Kb1 Rc8 14. Qd3 Na5 15. Nxa5 Qxa5 16. Nb3 Qa4 17. e4 d4 18. cxd4 Bc4 19. Qc2 exd4 20. Bxc4 Rxc4 21. Qd3 Be5 22. g3 Rd8 23. f4 Bc7 24. Rc1 Rb4 25. Rhd1 h6 26. Qc2 Qd7 27. Rxd4 Rxd4 28. Nxd4 Rc8 29. Nf5 h5 30. Rd1 Qe6 31. Nd4 Qb6 32. Qb3 Qc5 33. Qb5 Qd6 34. e5 fxe5 35. fxe5 Qg6+ 36. Ka1 Qe4 37. Qd3 Qxd3 38. Rxd3 Bxe5 39. Kb1 Rc4 40. Nb5 a6 41. Rd5 Bxg3 42. hxg3 axb5 43. Rxh5 Rg4 44. Rf5 Rxg3 45. Rxf7 Rg2 46. Rf5 b4 47. Rb5 Rg4 48. Kc2 Kc7 49. Kb3 Kc6 50. Rxb4 Rg3+ 51. Kc2 b6 52. Rc4+ Kb5 53. Rc3 Rg4 54. a3 Rg2+ 55. Kb3 Rg4 56. Re3 Ka5 57. Rd3 Rh4 58. Rd5+ b5 59. Kc3 Rc4+ 60. Kd3 Rh4 61. Re5 Rh3+ 62. Kc2 Rh2+ 63. Kb3 Rh3+ 64. Ka2 Rh2 65. Rc5 Rg2 66. Rc3 Rh2 67. Kb3 Rh4 68. Rc2 Rh3+ 69. Ka2 Rg3 70. b3 Rh3 71. Re2 Rg3 72. Rd2 Rh3 73. Kb2 Rg3 74. Kc2 Rh3 75. Rd3 Rh2+ 76. Kc3 Rh4 77. Re3 Rg4 78. Rd3 Rh4 79. Re3 Rg4 1/2-1/2

[Event "Morava-ch U16"]
[Site "Bystrice nad Pernstejnem"]
[Date "2024.10.28"]
[Round "3"]
[White "Brezikova, Beata"]
[Black "Jansky, Adam"]
[Result "1-0"]
[WhiteElo "1719"]
[BlackElo "1576"]
[PlyCount "77"]
[EventDate "2024.10.26"]
[EventType "swiss"]
[EventRounds "9"]
[EventCountry "CZE"]
[SourceTitle "CB45_2024"]
[Source "ChessBase"]
[SourceDate "2024.11.06"]
[SourceVersion "1"]
[SourceVersionDate "2024.11.06"]
[SourceQuality "1"]

1. e4 c5 2. Nc3 e6 3. Nge2 a6 4. g3 b5 5. Bg2 Bb7 6. 0-0 Nf6 7. d3 Qc7 8. f4 d6 9. h3 Nbd7 10. Be3 Be7 11. g4 Nb6 12. Ng3 Nfd7 13. f5 d5 14. Nh5 Rg8 15. fxe6 fxe6 16. exd5 Nxd5 17. Nxd5 Bxd5 18. Bxd5 exd5 19. Bf4 Qb6 20. Qf3 c4+ 21. Be3 Qe6 22. Rae1 Ne5 23. Qg2 0-0-0 24. Bd4 Bf6 25. Kh1 Qd6 26. g5 Nc6 27. gxf6 Nxd4 28. Qg4+ Qd7 29. Qxd7+ Kxd7 30. fxg7 Kd6 31. Rf6+ Kc5 32. c3 Nc2 33. d4+ Nxd4 34. cxd4+ Kxd4 35. Rf7 c3 36. Rd1+ Kc4 37. Rc7+ Kb4 38. Rd4+ Ka5 39. bxc3 1-0

[Event "Morava-ch U16"]
[Site "Bystrice nad Pernstejnem"]
[Date "2024.10.26"]
[Round "1"]
[White "Skula, David"]
[Black "Jansky, Adam"]
[Result "1-0"]
[WhiteElo "1774"]
[BlackElo "1576"]
[PlyCount "51"]
[EventDate "2024.10.26"]
[EventType "swiss"]
[EventRounds "9"]
[EventCountry "CZE"]
[SourceTitle "CB45_2024"]
[Source "ChessBase"]
[SourceDate "2024.11.06"]
[SourceVersion "1"]
[SourceVersionDate "2024.11.06"]
[SourceQuality "1"]

1. e4 e5 2. Nc3 Nc6 3. f4 d6 4. Nf3 Nf6 5. Bc4 Be7 6. 0-0 Nd4 7. h3 c6 8. fxe5 Nxf3+ 9. Qxf3 dxe5 10. d3 b5 11. Bb3 a5 12. a4 b4 13. Ne2 Qd6 14. Be3 Be6 15. d4 exd4 16. Bxd4 Bxb3 17. cxb3 Qe6 18. Ng3 0-0 19. Nf5 Bd8 20. Nxg7 Kxg7 21. Qg3+ Kh8 22. Qh4 Rg8 23. Rxf6 Bxf6 24. Bxf6+ Rg7 25. Qh6 Rag8 26. Rd1 1-0